Pléna ÚV KSČ v letech 1976-1980 : výběrová bibliografie /

Hlavní autor: Mariánek, Jaromír
Jazyk: Čeština
Vydáno: Kladno : Krajská knihovna, 1981
Edice: Bibliografie. Malá řada
Fyzický popis: 16 s.
Knihy
Uloženo v:
LEADER 00866nam a2200253 a 4500
001 000612563
003 CZ BrMZK
005 20160922100716.0
007 ta
008 020725s1981 xr f cze d
015 |a cnb001212061 
035 |a (OCoLC)85616912 
040 |a BOA001  |b cze  |c BOA001 
080 |a 016:329.15(437):06.044"1976/1980"  |2 MRF 
080 |a 329.15(437):06.044"1976/1980":016  |2 MRF 
100 1 |a Mariánek, Jaromír  |7 mzk2011635676  |4 aut 
245 1 0 |a Pléna ÚV KSČ v letech 1976-1980 :  |b výběrová bibliografie /  |c zpracoval Jaromír Mariánek 
260 |a Kladno :  |b Krajská knihovna,  |c 1981 
300 |a 16 s. 
490 1 |a Bibliografie. Malá řada ;  |v 86 
830 0 |a Bibliografie.  |p Malá řada 
910 |a BOA001  |b X-0834.448 
990 |a BK 
996 6 |b 2619180931  |c X-0834.448  |l MZK  |r Sklad / do 24 hodin  |n 0  |w 000612563  |u 000010  |a 1  |e BOA001  |j MZK50  |s P